| 000 | 00761nam a2200229 a 4500 | ||
|---|---|---|---|
| 001 | 000007587 | ||
| 003 | DO-SdBNP | ||
| 005 | 20250527113225.0 | ||
| 008 | 090909s1987 dr a 000 0 spa d | ||
| 040 |
_aDO-SdBNP _bspa _cBNPHU |
||
| 049 | _aBNPD | ||
| 082 | 4 |
_a658.3 _bA473h _222 |
|
| 100 | 1 |
_aAlvarez III, Rosendo _921050 |
|
| 245 | 1 | 0 |
_aHacia el exito ejecutivo : _b(invictos sobre la marca de la vida). / _cRosendo Alvarez III ; prólogo Luis Heredia Bonetti. |
| 260 |
_aSanto Domingo, _fEditora Tele-3 _c1987. |
||
| 300 |
_a205 p. : _bil. ; _c23 cm. |
||
| 650 | 0 |
_aAdministración de personal _91581 |
|
| 650 | 0 |
_aAdministración industrial _95872 |
|
| 650 | 4 |
_aAptitud de mando _9116 |
|
| 700 | 1 |
_aHeredia Bonetti, Luis, _epról. _99316 |
|
| 942 |
_2ddc _cLBS1 |
||
| 999 |
_c7367 _d7367 |
||